Normal view
MARC view
- ELECTRIC POWER SYSTEM STABILITY.TRANSIENTS-ELECTRICITY.ELECTRIC POWER FAILURE.ELECTRIC NETWORK ANALYSIS.DISTURBANCE ANALYSIS FOR POWER SYSTEMS.POWER SYSTEMS-DISTURBANCE ANALYSIS
Entry Topical Term
001 - CONTROL NUMBER
- control field: 68666
003 - CONTROL NUMBER IDENTIFIER
- control field: NUST
005 - DATE AND TIME OF LATEST TRANSACTION
- control field: 20210628204103.0
008 - FIXED-LENGTH DATA ELEMENTS
- fixed length control field: 210628|| aca||aabn | a|a d
040 ## - CATALOGING SOURCE
- Original cataloging agency: NUST
- Transcribing agency: NUST
150 ## - HEADING--TOPICAL TERM
- Topical term or geographic name entry element: ELECTRIC POWER SYSTEM STABILITY.TRANSIENTS-ELECTRICITY.ELECTRIC POWER FAILURE.ELECTRIC NETWORK ANALYSIS.DISTURBANCE ANALYSIS FOR POWER SYSTEMS.POWER SYSTEMS-DISTURBANCE ANALYSIS
670 ## - SOURCE DATA FOUND
- Source citation: Work cat.: (NUST): Ibrahim, Mohamed.A 68665, Disturbance analysis for power systems, 2012
